THE MANAGEMENT OF RISK TO SOCIETY FROM PATENTIAL ACCIDENTS / (Record no. 23733)
[ view plain ]
| 000 -الفاتح | |
|---|---|
| حقل البيانات ثابتة الطول | 00552nam a2200205Ia 4500 |
| 008 - عناصر البيانات ثابتة الطول - معلومات عامة | |
| حقل البيانات ثابتة الطول | 140319s9999 xx 000 0 eng d |
| 040 ## - مصدر الفهرسة | |
| وكالة الفهرسة الأصلية | GCL / |
| وكالة النسخ | GCL |
| 082 04 - رقم تصنيف ديوى العشرى | |
| رقم التصنيف | 363.1 |
| رقم المادة | A T |
| 100 1# - المدخل الرئيسى - إسم شخصى | |
| الإسم الشخصى | HAYNS,M . R |
| 245 10 - بيان العنوان | |
| العنوان | THE MANAGEMENT OF RISK TO SOCIETY FROM PATENTIAL ACCIDENTS / |
| بيان المسئوليه,etc | HAYNS,M . R |
| 700 1# - المدخل الاضافى - اسم شخصى | |
| الإسم الشخصى | ALLEM, F.R. |
| 700 1# - المدخل الاضافى - اسم شخصى | |
| الإسم الشخصى | GARLICK, A.R. |
| 700 1# - المدخل الاضافى - اسم شخصى | |
| الإسم الشخصى | TAIG, A.R |
| 260 ## - PUBLICATION, DISTRIBUTION, ETC. (IMPRINT) | |
| تاريخ النشر أو التوزيع | 1992 |
| 650 04 - المدخل الاضافى بالموضوع-مصطلح موضوعى | |
| مصطلح موضوعي | ACCIDENTS |
| 650 04 - المدخل الاضافى بالموضوع-مصطلح موضوعى | |
| مصطلح موضوعي | MANAGEMENT |
| 650 04 - المدخل الاضافى بالموضوع-مصطلح موضوعى | |
| مصطلح موضوعي | PROBLEM SOLVING |
| 942 ## - عناصر المدخل الإضافي( كوها) | |
| مصدر التصنيف او مخطط الترفيف | Dewey Decimal Classification |
| Koha [default] item type | كتاب |
| 260 ## - PUBLICATION, DISTRIBUTION, ETC. (IMPRINT) | |
| -- | [S.N] : |
| -- | Elsevier Applied Science ، |
| حالة التراجع | حالة الفقد | حالة تلف | ليس للاعارة | المكان المؤقت | الموقع الحالى | تاريخ الاكتساب | اجمالي اﻻعارات | رقم الطلب | الباركود | تاريخ اخر مشاهدة | تاريخ تفعيل السعر | نوع وعاء كوها |
|---|---|---|---|---|---|---|---|---|---|---|---|---|
| مكتبة القاهرة الكبرى | مكتبة القاهرة الكبرى | 03/26/2014 | 363.1\A T | 42313 | 03/26/2014 | 03/26/2014 | كتاب |

